000 00566nam a2200205Ia 4500
003 GCL
008 140319s9999 xx 000 0 ara d
040 _aGCL /
_cGCL
082 0 4 _a658.83
_bد ت
100 1 _aعلى مقلد
245 1 0 _aالتسويق /
_cعلى مقلد
700 1 _aداين ارمان
260 _a[S.N] :
_bمنشورات عويدان ،
_c1988
300 _a171 ص
490 _aزدنى علما
_v0
650 0 4 _aالتسويق
650 0 4 _aالتسويق الكلى
650 0 4 _aالتسويق الجزئى
942 _2ddc
_cBK
999 _c35892
_d35892